000 00493nam a2200193 a 4500
001 1775634810968
003 YourLibrary
005 20260408132852.0
008 260408s2007##################000#0#eng##
020 _a9780195325461
082 0 4 _a362.1SHR
100 1 _aShrader-Frechette, Kristin Sharon,
_eauthor.
245 1 0 _aTaking Action, Saving Lives :
260 _c2007.
300 _a328 pages
650 0 _aMedical.
942 _cENGLISH
040 _aYourLibrary
_beng
_cYourLibrary
999 _c619180
_d619180